000 00663nam a2200241Ia 4500
003 OSt
005 20220926011826.0
006 a|||||r|||| 00| 0
007 ta
008 220923b |||||||| |||| 00| 0 eng d
037 _cGeneral Book
040 _aRTL
_cRTL
_beng
041 _2eng
_aeng
082 _aXM85:82.73.N7, L6
100 _aD'Aprix Roger M
_9315000
245 0 _aIn search of a corporate soul
260 _aNew York
_bAmacom
_c1976
300 _ax, 218p
_ccm.
500 _aBibliography p 215-18
650 _aMultinational
942 _hXM85:82.73.N7, L6
_cGB
_2CC
999 _c621056
_d621056